000 00460nam a2200181Ia 4500
001 15021
005 20260306164957.0
008 260306t2003||||xx |||||||||||||| ||spa||
041 _aESP
082 _a519.82
_bP33
100 _aPazos Arias, José Juan
_eAUT
245 0 _aTeoría de colas y simulación de eventos discretos
260 _c2003
300 _axxiii, 309 páginas :
_c24 cm.
650 _aGEN
654 _aCMA
942 _cLIB
_dJUS
_fJUS
_2ddc
_n
999 _c15021
_d15021